Trade unions and the state the construction of industrial relations institutions in Britain, 1890-2000 /

Bibliographic Details
Main Author: Howell, Chris, 1962-
Corporate Author: ProQuest (Firm)
Format: Electronic eBook
Language:English
Published: Princeton, N.J. : Princeton University Press, c2005.
Subjects:
Online Access:Click to View
LEADER 01576nam a22003854a 4500
001 EBC457830
003 MiAaPQ
005 20200520144314.0
006 m o d |
007 cr cn|||||||||
008 040330s2005 nju sb 001 0 eng
010 |z  2004042069 
020 |z 0691121060 (cloth : alk. paper) 
035 |a (MiAaPQ)EBC457830 
035 |a (Au-PeEL)EBL457830 
035 |a (CaPaEBR)ebr10312468 
035 |a (CaONFJC)MIL215859 
035 |a (OCoLC)440774489 
040 |a MiAaPQ  |c MiAaPQ  |d MiAaPQ 
043 |a e-uk--- 
050 4 |a HD6664  |b .H69 2005 
082 0 4 |a 331/.0941/0904  |2 22 
084 |a 15.70  |2 bcl 
100 1 |a Howell, Chris,  |d 1962- 
245 1 0 |a Trade unions and the state  |h [electronic resource] :  |b the construction of industrial relations institutions in Britain, 1890-2000 /  |c Chris Howell. 
260 |a Princeton, N.J. :  |b Princeton University Press,  |c c2005. 
300 |a xi, 243 p. 
504 |a Includes bibliographical references (p. [221]-235) and index. 
533 |a Electronic reproduction. Ann Arbor, MI : ProQuest, 2015. Available via World Wide Web. Access may be limited to ProQuest affiliated libraries. 
650 0 |a Labor unions  |x Government policy  |z Great Britain  |x History  |y 20th century. 
650 0 |a Industrial relations  |x Government policy  |z Great Britain  |x History  |y 20th century. 
650 0 |a Labor movement  |z Great Britain  |x History  |y 20th century. 
655 4 |a Electronic books. 
710 2 |a ProQuest (Firm) 
856 4 0 |u https://ebookcentral.proquest.com/lib/matrademy/detail.action?docID=457830  |z Click to View